000 00522nam a2200157Ia 4500
008 151213s9999 xx 000 0 und d
100 _aআফম আব্দুর রশিদ।
245 _aছড়ার তালে নিজুম নাছে।
_cআফম আব্দুর রশিদ।
250 _a১ম সং
260 _aঢাকা
_b
_c2006
300 _a3809 p.
650 _aBangla
650 _aছড়া।
700 _aআফম আব্দুর রশিদ।
999 _c2507
_d2507